000 00195nam a2200085Ia 4500
008 170620s9999 xx 000 0 und d
100 _aS . C. C.
245 0 _aSUPREME COURT CASES
260 _bLUCKNOW; EASTERN
260 _c2009
999 _c29383
_d29383